000 00920cam a22001934a 4500
005 20250605164242.0
008 250528s ||||||||||||||||||||||||d
035 _a21355
020 _a9781403941756
040 _aGR-AtMCL
_bgre
_dGR-AtMCL
_eAACR2
245 1 _aEntrepreneurship / from Opportunity to Action
260 _bPalgrave Macmillan,
_c2007
300 _a296
520 _aThis book focuses on learning for, rather than about, enterprise. Opportunity-Centred Entrepreneurship, The Context of Opportunity-Centerd Entrepreneurship, Personal Enterprise: Connecting Opportunities and Personal Goals, Opportunity Exploration, Opportunity Assessment, Planning to realise Opportunities, Acting on Opportunities, Opportunity-Centered Entrepreneurship in Action, Where do we go from here, Further Reading and References, Index.
700 1 _aRae David
_97411
942 _cBK
999 _c6420
_d6420